| 000 | 00780nam a2200253Ia 4500 | ||
|---|---|---|---|
| 003 | OSt | ||
| 005 | 20221005074048.0 | ||
| 006 | a|||||r|||| 00| 0 | ||
| 007 | ta | ||
| 008 | 221004b |||||||| |||| 00| 0 eng d | ||
| 020 |
_a97881909799935 (pbk) _c895 |
||
| 024 | _a22140 | ||
| 037 |
_bCBS/297, 16/02/2015, Classic Book Service _cTextual |
||
| 040 |
_aCRL _cCRL _beng |
||
| 041 |
_2eng _aeng |
||
| 082 | _a2N7, Q5 | ||
| 100 |
_aRao S Sudarshan _9608544 |
||
| 245 | 0 | _aEmerging paradigms in library and information science | |
| 260 |
_aNew Delhi _bKBD Publication India _c2015 |
||
| 300 |
_axv,491p. _ccm. |
||
| 650 | _aLIBRARY SCIENCE | ||
| 942 |
_h2N7, Q5 _cTEXL _2cc |
||
| 999 |
_c982141 _d982141 |
||